LEADER 00876nam2-22003011i-450- 001 990004301920403321 005 20080519130451.0 035 $a000430192 035 $aFED01000430192 035 $a(Aleph)000430192FED01 035 $a000430192 100 $a19990604d1967----km-y0itay50------ba 101 1 $aita$alat 105 $ay-------001yy 200 1 $aEcclesiaste$fa cura di P. Lorenzo di Fonzo 210 $aTorino$cMarietti$dc1967 215 $aXVII, 379 p.$d27 cm 461 0$1001000579358$12001$a<>Sacra Bibbia 500 11$aBibbia.$iVecchio Testamento.$iEcclesiaste$m$955323 676 $a220.77 702 1$aDi Fonzo,$bLorenzo 801 0$aIT$bUNINA$gRICA$2UNIMARC 901 $aBK 912 $a990004301920403321 952 $a220.77 GAR 1 (27)$bBIBL. 41441$fFLFBC 959 $aFLFBC 996 $aBibbia$955323 997 $aUNINA LEADER 01386nam 2200457 450 001 9910796103803321 005 20230809225106.0 010 $a1-77167-647-7 035 $a(CKB)3790000000536954 035 $a(MiAaPQ)EBC5165015 035 $a(Au-PeEL)EBL5165015 035 $a(CaPaEBR)ebr11475225 035 $a(OCoLC)1014459446 035 $a(EXLCZ)993790000000536954 100 $a20200122d2017 uy 0 101 0 $aeng 135 $aurcnu|||||||| 181 $ctxt$2rdacontent 182 $cc$2rdamedia 183 $acr$2rdacarrier 200 10$aLearning problem solving /$fwritten by Sarah Joubert [and four others] 210 1$aSan Diego, CA :$cClassroom Complete Press,$d[2017] 210 4$dİ2017 215 $a1 online resource (60 pages) 225 1 $a21st Century Skills Series 300 $a"Grades 3-8+, Reading level 3-4." 311 $a1-77167-631-0 410 0$a21st century skills series. 606 $aProblem solving$xStudy and teaching (Elementary) 606 $aProblem-based learning 615 0$aProblem solving$xStudy and teaching (Elementary) 615 0$aProblem-based learning. 676 $a372.7 700 $aJoubert$b Sarah$01480807 801 0$bMiAaPQ 801 1$bMiAaPQ 801 2$bMiAaPQ 906 $aBOOK 912 $a9910796103803321 996 $aLearning problem solving$93834706 997 $aUNINA